Movies Quiz

Random Movies or Disney Quiz

Animated Disney Movie Slideshow Quiz Stats

Quiz Updated Oct 9, 2014

Also try: Disney Princesses
Challenge
Share
Tweet
Score 0/24 Timer 05:00
1 Play Today
% Correct
Bambi
97.9%
The Little Mermaid
97.7%
Lady and the Tramp
97.6%
Beauty and the Beast
97.3%
The Jungle Book
97.1%
The Lion King
96.6%
Dumbo
96.5%
Snow White and the Seven Dwarfs
96.4%
Aladdin
96.3%
Tarzan
95.6%
Cinderella
94.7%
Peter Pan
93.5%
% Correct
Robin Hood
93.4%
Pinocchio
93.2%
Hercules
92.6%
Pocahontas
91.7%
Lilo & Stitch
90.8%
Sleeping Beauty
90.2%
Alice in Wonderland
89.7%
101 Dalmatians
89.1%
Tangled
88.7%
The Aristocats
86.6%
Bolt
84.5%
Fantasia
80.2%

You're not logged in!

Compare scores with friends on all Sporcle quizzes.
Join for Free
OR
Log In

You Might Also Like...

Show Comments

Extras

Top Quizzes Today


Score Distribution

Your Account Isn't Verified!

In order to create a playlist on Sporcle, you need to verify the email address you used during registration. Go to your Sporcle Settings to finish the process.

Report this User

Report this user for behavior that violates our Community Guidelines.

Details: